000 00300nam a2200109 a 4500
005 20201002061802.0
008 190807s2004 000 spa d
100 _aSteele, Pablo
_950920
245 0 _a100 Pasos hacia una cooperativa de crédito.
260 _aSanto Domingo,
_c[s.f.].
999 _c48753
_d48753
040 _aDO-SdBNP